Physiotherapy for Children (Record no. 5430)
[ view plain ]
| 000 -LEADER | |
|---|---|
| fixed length control field | 00553nam a22002057a 4500 |
| 003 - CONTROL NUMBER IDENTIFIER | |
| control field | OSt |
| 005 - DATE AND TIME OF LATEST TRANSACTION | |
| control field | 20161206133721.0 |
| 008 - FIXED-LENGTH DATA ELEMENTS--GENERAL INFORMATION | |
| fixed length control field | 161206b xxu||||| |||| 00| 0 eng d |
| 020 ## - INTERNATIONAL STANDARD BOOK NUMBER | |
| International Standard Book Number | 9780750688864 |
| 040 ## - CATALOGING SOURCE | |
| Transcribing agency | DNLM |
| 082 ## - DEWEY DECIMAL CLASSIFICATION NUMBER | |
| Classification number | WS348 P569t 2007 |
| 100 ## - MAIN ENTRY--PERSONAL NAME | |
| Personal name | Editor Pountney, Teresa |
| 9 (RLIN) | 11350 |
| 245 ## - TITLE STATEMENT | |
| Title | Physiotherapy for Children |
| 260 ## - PUBLICATION, DISTRIBUTION, ETC. (IMPRINT) | |
| Place of publication, distribution, etc. | Edinburgh; Butterworth, 2007 |
| 300 ## - PHYSICAL DESCRIPTION | |
| Extent | xiv,360p; col.ill: 25.5cm |
| 504 ## - BIBLIOGRAPHY, ETC. NOTE | |
| Bibliography, etc | References, & index included |
| 650 ## - SUBJECT ADDED ENTRY--TOPICAL TERM | |
| Topical term or geographic name as entry element | Physiotherapy |
| 9 (RLIN) | 1959 |
| 650 ## - SUBJECT ADDED ENTRY--TOPICAL TERM | |
| Topical term or geographic name as entry element | Pediatrics |
| 9 (RLIN) | 3353 |
| 942 ## - ADDED ENTRY ELEMENTS (KOHA) | |
| Source of classification or shelving scheme | Other/Generic Classification Scheme |
| Koha item type | Open Shelf |
| Withdrawn status | Lost status | Source of classification or shelving scheme | Damaged status | Not for loan | Home library | Current library | Date acquired | Source of acquisition | Inventory number | Total Checkouts | Full call number | Barcode | Date last seen | Koha item type |
|---|---|---|---|---|---|---|---|---|---|---|---|---|---|---|
| Other/Generic Classification Scheme | MUST Main Library | MUST Main Library | 06/12/2016 | 14/37940 | WS348 P569t 2007 | 2016-4996 | 27/11/2019 | Open Shelf | ||||||
| Other/Generic Classification Scheme | MUST Main Library | MUST Main Library | 17/01/2017 | 14/37941 | WS348 P569t 2007 | 2017-0026 | 17/01/2017 | Open Shelf |
